000 00352nam a2200145 i 4500
001 bg
100 1 _aEHRLICH, Andrzej
245 0 _aO zarządzaniu w placówce badawczej /
_cAndrzej Ehrlich.
260 _aWarszawa,
_c1979.
040 _cBPK
041 _apol
080 _a061.6:65.012.4
942 _cKS
008 s pl f |000 0 pol
999 _c18556
_d18556
856 _uhttp://koha.tu.koszalin.pl/cgi-bin/koha/opac-detail.pl?biblionumber=18556
_yKatalog online BPK